00422nam a22001457a 4500003000400000005001700004008004100021020001700062040002200079082001500101100002600116245006200142260005400204300001800258OSt20221031152825.0221031b |||||||| |||| 00| 0 eng d a1875632 69 7 cBiblioteca Lado V 2708aC543p aChi, Melissaeeditora aPrimavera 2000/bThe belinda exhibition of young artists/ aDublinbMuseo de Arte Contemporaneo, Sydneyc2000 a27p.c21x25cm